00401nam a2200157Ia 4500003000400000008004100004040001600045082001300061100001700074245004700091260003400138300001000172490002400182650001500206650002200221GCL140319s9999 xx 000 0 eng d aGCL / cGCL04a843bM T1 aMICHEL, DEON10aLES TROMPEUSES ESPERANCES / cMICHEL, DEON a[S.N] : bGALLIMARD ، c1993 a154 P aCOLLECTION FOLIOv004aLITERATURE04aFRENCH LITERATURE